00459nam a2200133 a 4500008004100000020001500041050001700056100002900073245008700102246007000189260003600259300002100295350000900316120416s0000 ||||||||||||||||| || u a0387185704 aTA 658.2 IFI aThoft-Christensen, Palle10aReliability and optimization of structural systemscedited by P. Thoft-Christensen aproceedings of the first IFIP WG 7.5 conference... May 6-8, 1987. aNew YorkbSpringer-Verlagc1987 avi, 473p. : ill. a0.00